000 00712nam a2200217Ii 4500
003 JO-AjNU
008 230605s9999||||xx |||||||||||||| ||und||
017 _a1994/8/780
040 _aJO-AjNU
_bara
_erda
_cJO-AjNU
041 _aara
050 1 4 _aJC571.S22.1995
100 3 _aتأليف صباريني ، غازي حسن ,
_eauthor
_946656
245 0 0 _aالوجيز في حقوق الإنسان وحرياته الأساسية
250 _aط1
264 3 1 _aعمان : مكتبة دار الثقافة ،1995
300 _a326ص
336 _atext
_btxt
_2rdacontent
337 _aunmediated
_bn
_2rdamedia
338 _avolume
_bnc
_2rdacarrier
650 4 _aحقوق الانسان -- حرية
_946657
999 _aA20314
_c23882
_d23882